000 01153nam a2200229Ia 4500
001 L264-21098
003 IT-CnALBA
008 170116s9999||||xx |||||||||||||| ||und||
040 _aIT-CnALBA
_cIT-CnALBA
041 _aITALIANO
100 _aAMORTH D. GABRIELE, SSP.
245 0 _aLA PASSIONE DI CRISTO.
250 _a1a ed.
260 _a ROMA
_bLAZIOGRAFIK TIPOGRAFIA
_cn.d.
300 _a39 p.
500 _aVIA CRUCIS RACCONTATA SECONDO I VANGELI. CATTURA DI GESÙ. DAVANTI AL SOMMO SACERDOTE ANNA. CONDANNA DEL SINEDRIO. PONZIO PILATO. PROCESSO ROMANO. INTERMEZZO DI ERODE. FLAGELLA ZIONE CONDANNA DI PILATO. VERSO IL GOLGOTA. AGONIA E MORTE. SEPOLTURA. PREGHIER
501 _aSocietà San Paolo EM - Piazza San Paolo, 14 - 12051 ALBA (CN) (non commercial uses only) ® Copyright 2017
520 _aVIA CRUCIS RACCONTATA SECONDO I VANGELI. CATTURA DI GESÙ. DAVANTI AL SOMMO SACERDOTE ANNA. CONDANNA DEL SINEDRIO. PONZIO PILATO. PROCESSO ROMANO. INTERMEZZO DI ERODE. FLAGELLA ZIONE CONDANNA DI PILATO. VERSO IL GOLGOTA. AGONIA E MORTE. SEPOLTURA. PREGHIER
650 _aCULTO PUBBLICO LITURGIA
942 _cBK
957 _71
999 _a25833
_bNO
_g Copie: 1
_c280205
_d280205